000 00370nam a22001337a 4500
003 SGT
020 _a9788126418245
082 _a301.2
_bP09G
100 _aगौरव, प्रशांत
245 _aप्राचीन भारत: लगभग 600ई. तक
260 _b राजकमल प्रकाशन
_c2009
300 _a475
942 _2ddc
_cBK
999 _c29547
_d29547